| 000 | 00408cam a22001811 4500 | ||
|---|---|---|---|
| 001 | sa 64004658 | ||
| 003 | DLC | ||
| 005 | 20260227112027.0 | ||
| 008 | 070515s1963 xx 000 0 tamo | ||
| 010 | _asa 64004658 | ||
| 040 |
_aDLC _cDLC _dDLC |
||
| 050 | 0 | 0 |
_aPZ90.T3 _bV3 |
| 100 | 0 | _aVācavan̲. | |
| 245 | 1 | 0 | _aVaḷarum neñcam. |
| 260 | _a[1963] | ||
| 300 |
_a111 p. _c19 cm. |
||
| 500 | _aIn Tamil. | ||
| 999 |
_c58670 _d58670 |
||